000 00719nam a2200205Ia 4500
003 GCL
008 140319s9999 xx 000 0 ara d
020 _a0076369957
040 _aGCL /
_cGCL
082 0 4 _aط
_b813.02
_bن س
100 1 _aنضال اليزم
245 1 0 _aسلسلة قصص المغامرات المثيرة : زياد والاقزام :
_bZEYAD & THE DWARFS /
_cنضال اليزم
250 _aالاولى
260 _aالاردن :
_bدار الاسراء للنشر والتوزيع ،
_c2006
300 _a ؛
_c24 سم
490 _aسلسلة قصص المغامرات المثيرة
_v0
650 0 4 _aالقصص القصيرة
650 0 4 _aقصص الاطفال
942 _2ddc
_cBK
999 _c10031
_d10031